| 000 | 00350nam a2200133Ia 4500 | ||
|---|---|---|---|
| 008 | 231228s2006 xx 000 0 und d | ||
| 041 | _aeng | ||
| 082 |
_a658.4062 _bSHA |
||
| 100 | _aSHAIKH (Saleem) | ||
| 245 | _aBusiness Environment .. | ||
| 250 | _a1st | ||
| 260 |
_aNew Delhi _bPearson Education Delhi, Harlow, Singapore _c2006 |
||
| 300 | _a532 | ||
| 999 |
_c1089743 _d1089743 |
||